Omyłka /

Wedi'i Gadw mewn:
Manylion Llyfryddiaeth
Prif Awdur: Prus, Bolesław (1847-1912)
Awdur Corfforaethol: Czytelnik
Awduron Eraill: Kulczycka-Saloni, Janina (1912-1998) (Opracowanie)
Fformat: Llyfr
Iaith:Pwyleg
Cyhoeddwyd: Warszawa : Czytelnik, 1987.
Rhifyn:Wyd. 1 w tej serii.
Cyfres:Mała Biblioteka Literatury Polskiej
Tagiau: Ychwanegu Tag
Dim Tagiau, Byddwch y cyntaf i dagio'r cofnod hwn!

MARC

LEADER 00000cam a2200000 i 4500
001 9910933999805606
005 20260515140225.0
008 040719s1987 pl a g |000 1 pol c
020 |a 830701588X 
035 |a 921939-48omnis_uja 
035 |a (UJ)vtls000921939 
035 |a zz2004949840 
035 |a (PL)b0000010421507 
040 |a KR U  |c KR U 
090 |c 50  |d 49 
100 1 |a Prus, Bolesław  |d (1847-1912) 
240 1 0 |a Omyłka  |l (pol.) 
245 1 0 |a Omyłka /  |c Bolesław Prus ; wstęp i koment. Janina Kulczycka-Saloni. 
250 |a Wyd. 1 w tej serii. 
260 |a Warszawa :  |b Czytelnik,  |c 1987. 
300 |a 143, [1] s. :  |b il. ;  |c 15 cm. 
490 1 |a Mała Biblioteka Literatury Polskiej 
700 1 |a Kulczycka-Saloni, Janina  |d (1912-1998)  |e Opracowanie 
710 2 |a Czytelnik 
830 0 |a Mała Biblioteka Literatury Polskiej 
942 |c K 
952 |0 0  |1 0  |4 0  |6 R__28_000000000000000  |7 0  |9 48  |a RYT  |b RYT  |d 2026-03-17  |e 1/2026  |g 10.00  |l 0  |o R.28  |p 2000000000282  |r 2026-05-15 14:02:25  |w 2026-05-15  |y BK  |z da 
999 |c 48  |d 48